Southville International School and Colleges
Your cart is empty.
  • Cart
  • Lists
    Public lists Eva Luna New books Lux_list list_1
    Your lists Log in to create your own lists
  • Log in to your account
  • Your cookies
  • Search history
Southville International School and Colleges
  • Advanced search
  • Recent comments
  • Most popular
  • Libraries

Log in to your account

Log in with GOOGLE


If you do not have an external account, but do have a local account, you can still log in:

  1. Home
  2. MARC view: Artemis Fowl :
Normal view MARC view ISBD view

Artemis Fowl : (Record no. 33635)

[ view plain ]
MARC details
000 -LEADER
fixed length control field 01450cam a22004094a 4500
001 - CONTROL NUMBER
control field 14459085
003 - CONTROL NUMBER IDENTIFIER
control field OSt
005 - DATE AND TIME OF LATEST TRANSACTION
control field 20140410092744.0
008 - FIXED-LENGTH DATA ELEMENTS--GENERAL INFORMATION
fixed length control field 060719s2006 nyu c 000 1 eng
010 ## - LIBRARY OF CONGRESS CONTROL NUMBER
LC control number 2006049581
020 ## - INTERNATIONAL STANDARD BOOK NUMBER
International Standard Book Number 0545007992
040 ## - CATALOGING SOURCE
Original cataloging agency DLC
Transcribing agency DLC
Modifying agency DLC
042 ## - AUTHENTICATION CODE
Authentication code lcac
050 00 - LIBRARY OF CONGRESS CALL NUMBER
Classification number PZ7
Item number .C695Lc 2007
082 00 - DEWEY DECIMAL CLASSIFICATION NUMBER
Classification number [Fic]
100 1# - MAIN ENTRY--PERSONAL NAME
Personal name Colfer, Eoin.
9 (RLIN) 17202
245 10 - TITLE STATEMENT
Title Artemis Fowl :
Name of part/section of a work the lost colony /
Statement of responsibility, etc Eoin Colfer.
246 30 - VARYING FORM OF TITLE
Title proper/short title Lost colony
250 ## - EDITION STATEMENT
Edition statement 1st American ed.
260 ## - PUBLICATION, DISTRIBUTION, ETC. (IMPRINT)
Place of publication, distribution, etc New York :
Name of publisher, distributor, etc Scholastic
Date of publication, distribution, etc c2007.
300 ## - PHYSICAL DESCRIPTION
Extent 385 p. ;
Dimensions 21 cm.
440 ## - SERIES STATEMENT/ADDED ENTRY--TITLE
Title Artemis Fowl.
9 (RLIN) 17203
500 ## - GENERAL NOTE
General note "Miramax books."
520 ## - SUMMARY, ETC.
Summary, etc When demons begin appearing on Earth unpredictably, foreshadowing a cataclysmic breakdown of their magic, Artemis and his friends face a new foe--a twelve-year-old girl whose intellect just might match Artemis's own--as they try to prevent catastrophe.
521 ## - TARGET AUDIENCE NOTE
Target audience note
526 ## - STUDY PROGRAM INFORMATION NOTE
Reading level 740
562 ## - COPY AND VERSION IDENTIFICATION NOTE
Number of copies For circulation. 1 copy available in the collection
650 #1 - SUBJECT ADDED ENTRY--TOPICAL TERM
Topical term or geographic name as entry element Adventure and adventurers
Form subdivision Fiction.
9 (RLIN) 23735
650 #1 - SUBJECT ADDED ENTRY--TOPICAL TERM
Topical term or geographic name as entry element Space and time
Form subdivision Fiction.
9 (RLIN) 23736
650 #1 - SUBJECT ADDED ENTRY--TOPICAL TERM
Topical term or geographic name as entry element Fairies
Form subdivision Fiction.
9 (RLIN) 23737
650 #1 - SUBJECT ADDED ENTRY--TOPICAL TERM
Topical term or geographic name as entry element Magic
Form subdivision Fiction.
9 (RLIN) 23738
650 #1 - SUBJECT ADDED ENTRY--TOPICAL TERM
Topical term or geographic name as entry element Demonology
Form subdivision Fiction.
9 (RLIN) 23739
906 ## - LOCAL DATA ELEMENT F, LDF (RLIN)
a 7
b cbc
c orignew
d 1
e ocip
f 20
g y-gencatlg
942 ## - ADDED ENTRY ELEMENTS (KOHA)
Source of classification or shelving scheme Library of Congress Classification
Koha item type Books
Holdings
Withdrawn status Lost status Source of classification or shelving scheme Damaged status Home library Current library Shelving location Date acquired Total Checkouts Full call number Barcode Date last seen Date checked out Copy number Price effective from Koha item type
    Library of Congress Classification   Luxembourg Library Luxembourg Library Scholastic Reading Center Section 10/03/2013 2 PZ 7 .C695Lc 2007 LEX1139 05/02/2019 04/05/2019 1 10/03/2013 Books

Artemis Fowl :

APA

Colfer E., . (2007). Artemis Fowl. New York: Scholastic.

Chicago

Colfer Eoin, . 2007. Artemis Fowl. New York: Scholastic.

Harvard

Colfer E., . (2007). Artemis Fowl. New York: Scholastic.

MLA

Colfer Eoin, . Artemis Fowl. New York: Scholastic. 2007.

  • Place hold
  • Print
  • Cite
  • Add to your cart (remove)
  • Save record
    BIBTEX Dublin Core MARCXML MARC (non-Unicode/MARC-8) MARC (Unicode/UTF-8) MARC (Unicode/UTF-8, Standard) MODS (XML) RIS
  • More searches
    Search for this title in:
    Other Libraries (WorldCat) Other Databases (Google Scholar) Online Stores (Bookfinder.com) Open Library (openlibrary.org)

Exporting to Dublin Core...

SOUTHVILLE LIBRARY

Southville International School and Colleges Library

1281 Tropical Ave. Cor. Luxembourg St., BF Homes International, Las Pinas City

Tel. No. 8256374 / 252358 Loc. 117/146

Powered by Koha